000 00655nam a2200181Ia 4500
003 GCL
008 140319s9999 xx 000 0 ara d
040 _aGCL /
_cGCL
082 0 4 _aط
_b372.7
_bع ر
100 1 _aعبدالرحيم القواسمة
245 1 0 _aالرياضيات المعاصرة للطفل /
_cعبدالرحيم القواسمة
260 _aالقاهرة :
_bدار البشير ،
_c1989
300 _aمتعدد ؛
_c24 سم
490 _aدليل الاختبارات فى الرياضيات المعاصرة
_v0
650 0 4 _aالرياضيات
650 0 4 _aالرياضيات - تعليم وتدريس
942 _2ddc
_cBK
999 _c57349
_d57349